000 00729nam a22002057a 4500
999 _c18746
_d18746
003 AR-CdUCM
008 190515b ||||| |||| 00| 0 spa d
020 _a978-9972-9740-4-5
040 _aMUNICIPALIDAD PROVINCIAL DEL CUSCO
_cBIBLIOTECA MUNICIPAL DEL CUSCO
082 _a370 /
_bL44
110 _aPublicaciones IEB
_939525
245 _aLengua y cultura Andina /
260 _aHuaraz :
_bPublicaciones IEB,
_c2008.
300 _a303 paginas ;
_c21 cm.
505 _aContenido: Presentación -- Introducción -- Problemas de estudio -- Metodologia de la investigación -- Resultados -- conclusiones...
650 _aEtnologica
_939526
650 _aInvestigación
_91940
942 _2ddc
_cLIBROS
945 _apjha
_d2019-05-15